000 00381nam a2200145Ia 4500
008 090122s9999 xx 000 0 und d
082 _b10185
100 _aमुसळे
_bगोविंद
245 _aविसंवाद
600 _aमुसळे
630 _aविसंवाद
700 _aमुसळे
730 _aविसंवाद
942 _cBOOK
999 _c34262
_d34262